书目信息 |
| 题名: |
袁瑢语文教学三十年
|
|
| 作者: | 查如棠 编 | |
| 分册: | ||
| 出版信息: | 上海 上海教育出版社 1983 |
|
| 页数: | 462页 | |
| 开本: | 21cm | |
| 丛书名: | ||
| 单 册: | ||
| 中图分类: | H193 , G623.2 | |
| 科图分类: | ||
| 主题词: | 汉语-语言教学--经验 , 语言教学-汉语--经验 | |
| 电子资源: | ||
| ISBN: | ||
| 000 | 00726nam0 2200265 45 | |
| 001 | 0183011480 | |
| 005 | 20061111090832.29 | |
| 010 | @dCNY1.75 | |
| 091 | @a7150.3030 | |
| 100 | @a19950601d1983 emky0chiy0121 ea | |
| 101 | 0 | @achi |
| 102 | @aCN@b310000 | |
| 105 | @ac z 000yy | |
| 106 | @ar | |
| 200 | 10 | @a袁瑢语文教学三十年@Ayuan rong yu wen jiao xue san shi nian@f查如棠编 |
| 210 | @a上海@c上海教育出版社@d1983 | |
| 215 | @a462页@c照片@d21cm | |
| 606 | @a汉语-语言教学@x经验 | |
| 606 | @a语言教学-汉语@x经验 | |
| 690 | @aH193@v3 | |
| 690 | @aG623.2 | |
| 701 | 0 | @a查如棠@Azha ru tang@4编 |
| 801 | 0 | @aCN@b上海图书馆@c20061111 |
| 801 | 2 | @aCN@bNLC@c20040425 |
| 905 | @f3@b113425-427@f1@b102895@dG623.2@e93 | |
| 袁瑢语文教学三十年/查如棠编.-上海:上海教育出版社,1983 |
| 462页:照片;21cm |
| ISBN :CNY1.75 |
| ● |
| 相关链接 |
|
|
|
|
正题名:袁瑢语文教学三十年
索取号:G623.2/93
 
预约/预借
| 序号 | 登录号 | 条形码 | 馆藏地/架位号 | 状态 | 备注 |
| 1 | 0102895 | 000311969 | 密集书库/ [索取号:G623.2/93] | 在馆 | |
| 2 | 0102897 | 000466123 | 第一样本阅览室/ [索取号:G623.2/93] | 在馆 | |
| 3 | 0113425 | 000311905 | 密集书库/ [索取号:G623.2/93] | 在馆 | |
| 4 | 0113426 | 000311898 | 密集书库/ [索取号:G623.2/93] | 在馆 | |
| 5 | 0113427 | 000466249 | 密集书库/ [索取号:G623.2/93] | 在馆 |